Central Library OPAC University of Rajshahi

The inflationary spiral : (Record no. 58504)

MARC details
000 -LEADER
fixed length control field 00919nam a2200265 a 4500
001 - CONTROL NUMBER
control field 58504
003 - CONTROL NUMBER IDENTIFIER
rucl marc code BD-RJUL
005 - DATE AND TIME OF LATEST TRANSACTION
control field 20211209080629.0
008 - FIXED-LENGTH DATA ELEMENTS--GENERAL INFORMATION
fixed length control field 161218s1958 maub b 001 0 eng d
035 ## - SYSTEM CONTROL NUMBER
System control number BD-RJUL 58628
040 ## - CATALOGING SOURCE
Original cataloging agency DLC
Transcribing agency WIT
Modifying agency OCL
-- SER
-- UKM
-- EQO
Language of cataloging eng
041 ## - LANGUAGE CODE
Language code of text/sound track or separate title eng
082 ## - DEWEY DECIMAL CLASSIFICATION NUMBER
Classification number 332.4951
Edition number 23
Author mark and year CHI 1958
100 1# - MAIN ENTRY--PERSONAL NAME
Personal name Chang, Kia-ngau,
Dates associated with a name 1889-1979.
9 (RLIN) 173787
245 14 - TITLE STATEMENT
Title The inflationary spiral :
Remainder of title the experience in China, 1939-1950 /
Statement of responsibility, etc. Chang Kia-ngau.
260 ## - PUBLICATION, DISTRIBUTION, ETC. (IMPRINT)
Place of publication, distribution, etc. Cambridge, Mass :
Name of publisher, distributor, etc. M.I.T. Press,
Date of publication, distribution, etc. 1958.
300 ## - PHYSICAL DESCRIPTION
Pagination xvii, 394 p. :
Illustrations ill. ;
Size 24 cm.
490 1# - SERIES STATEMENT
Series statement Technology Press books in the social sciences
504 ## - BIBLIOGRAPHY, ETC. NOTE
Bibliography, etc Includes bibliographical footnotes and index.
650 #0 - SUBJECT ADDED ENTRY--TOPICAL TERM
Topical term or geographic name as entry element Inflation (Finance)
Geographic subdivision China.
9 (RLIN) 173788
Topical term or geographic name as entry element Currency question
Geographic subdivision China.
9 (RLIN) 173789
830 #0 - SERIES ADDED ENTRY--UNIFORM TITLE
Uniform title Technology Press books in the social sciences
942 ## - ADDED ENTRY ELEMENTS (KOHA)
Source of classification or shelving scheme Dewey Decimal Classification
Koha item type Books
Holdings
Lost status Source of classification or shelving scheme Damaged status Not for loan Collection code Permanent Location Current Location Shelving location Date acquired Source of acquisition Cost, normal purchase price Total Checkouts Full call number Date last seen Copy number Koha item type
  Dewey Decimal Classification   Not For Loan Non-fiction Central Library, University of Rajshahi Central Library, University of Rajshahi Reading Room 29/04/1969 Warsi book center 62.50   332.4951 CHI 1958 18/12/2016 C-1 Books